Atlas de la República de Chile
Guardat en:
| Autor corporatiu: | |
|---|---|
| Format: | Llibre |
| Idioma: | espanyol |
| Publicat: |
Santiago
Instituto Gegráfico Militar
2005
|
| Matèries: | |
| Etiquetes: |
Afegir etiqueta
Sense etiquetes, Sigues el primer a etiquetar aquest registre!
|
MARC
| LEADER | 00000nam a2200000 a 4500 | ||
|---|---|---|---|
| 001 | UCK9746 | ||
| 003 | CL-VaPUC | ||
| 008 | 060519e20050000CL |||||||||||||||||spa|d | ||
| 020 | |a 9562020738 | ||
| 082 | 0 | 4 | |a 912.83 |b INS |2 21 |
| 110 | 2 | |a Instituto Geográfico Militar |e author |9 499636 | |
| 245 | 1 | 0 | |a Atlas de la República de Chile |
| 300 | |a 357 p | ||
| 942 | |c BK | ||
| 945 | |d 20060519 00:00:00 |a jtorresc | ||
| 260 | |a Santiago |b Instituto Gegráfico Militar |c 2005 | ||
| 650 | 0 | |a Mapas |9 260844 | |
| 650 | 0 | |a Geografía física |9 259347 | |
| 650 | 0 | |a Geografía política |9 268296 | |
| 651 | 7 | |a CHILE |2 CL-VaPUC |9 499637 | |
| 583 | |a last modification |c 20060519 00:00:00 |k Rodrigo Vera | ||
| 999 | |c 316810 |d 316808 | ||
| 952 | |0 0 |1 0 |2 ddc |4 0 |6 912_830000000000000_INS_2005 |7 0 |8 F |9 392267 |a BIBAGR |b BIBAGR |d 2019-11-22 |i 4234685 |o 912.83 INS 2005 |p 4234685 |r 2025-01-20 |w 2019-11-22 |y BK_F |k AGR | ||